Waste management (Record no. 118000)

MARC details
000 -LEADER
fixed length control field 01164cam a2200241 4500
001 - CONTROL NUMBER
control field WB@3612-883
008 - FIXED-LENGTH DATA ELEMENTS--GENERAL INFORMATION
fixed length control field 040915n2004 000 0 eng u
035 ## - SYSTEM CONTROL NUMBER
System control number (Sirsi) u127401
245 ## - TITLE STATEMENT
Title Waste management
260 ## - PUBLICATION, DISTRIBUTION, ETC.
Date of publication, distribution, etc. 2004
490 ## - SERIES STATEMENT
Series statement Planning (for the Natural and Built Environment)
Volume/sequential designation 3 September 2004, 1(1)
520 ## - SUMMARY, ETC.
Summary, etc. According to a report carried out by Enviros for the ODPM, planners have only scant experience of latest waste disposal methods. "Planning for waste management facilities", which can be viewed at: http://www.odpm.gov.uk/stellent/groups/odpm_planni ng/documents/page/odpm_plan_030747.pdf, found that while authorities have good knowledge of traditional waste management, they do not have much experience of dealing with applications for techniques like anaerobic digestion. Also recovery of waste materials in the waste stream for recycling and composting must increase.
590 ## - LOCAL NOTE (RLIN)
Local note WB
590 ## - LOCAL NOTE (RLIN)
Local note WB
650 ## - SUBJECT ADDED ENTRY--TOPICAL TERM
Topical term or geographic name entry element WASTE PLANNING
650 ## - SUBJECT ADDED ENTRY--TOPICAL TERM
Topical term or geographic name entry element RECYCLING
650 ## - SUBJECT ADDED ENTRY--TOPICAL TERM
Topical term or geographic name entry element PLANNING SYSTEM
650 ## - SUBJECT ADDED ENTRY--TOPICAL TERM
Topical term or geographic name entry element LOCAL AUTHORITIES
650 ## - SUBJECT ADDED ENTRY--TOPICAL TERM
Topical term or geographic name entry element LANDFILL
650 ## - SUBJECT ADDED ENTRY--TOPICAL TERM
Topical term or geographic name entry element HOUSEHOLD WASTE
690 ## - LOCAL SUBJECT ADDED ENTRY--TOPICAL TERM (OCLC, RLIN)
Topical term or geographic name as entry element WASTE MANAGEMENT
942 ## - ADDED ENTRY ELEMENTS (KOHA)
Suppress in OPAC 0
Holdings
Withdrawn status Lost status Source of classification or shelving scheme Damaged status Not for loan Home library Current library Shelving location Date acquired Total Checkouts Full call number Barcode Date last seen Copy number Price effective from Koha item type
    Dewey Decimal Classification     London London News article 15/09/2004   WB4035-15 127401-1001 06/08/2019 1 06/08/2019 News article